Normal view
MARC view
Entry Topical Term
001 - CONTROL NUMBER
- control field: 8186
003 - CONTROL NUMBER IDENTIFIER
- control field: PK-LaUMT
005 - DATE AND TIME OF LATEST TRANSACTION
- control field: 20251126122807.0
008 - FIXED-LENGTH DATA ELEMENTS
- fixed length control field: 251126|| aca||aabn | a|a d
040 ## - CATALOGING SOURCE
- Original cataloging agency: PK-LaUMT
- Transcribing agency: PK-LaUMT
150 ## - HEADING--TOPICAL TERM
- Topical term or geographic name as entry element: Sustainable development reporting
670 ## - SOURCE DATA FOUND
- Source citation: Work cat.: (PK-LaUMT)139276: Rezaee, Zabihollah 8185, Business sustainability framework :, 2025
